00608nam a2200181Ia 4500003000900000008004100009020001800050040001600068080002100084100001700105245014200122260004400264300001400308650004100322650002500363650001800388700002000406IN-BaIIA211028s9999 xx 000 0 eng d a0-292-70759-2 cIIA Library a520.17(091)bEVA aEvans, D. S. 0aBig and brightba history of the McDonald observatorycD. S. Evans and J. D. Mulholland  aAustinbUniversity of Texas Pressc1986 axii,186p. aAstronomy and astrophysics thesaurus aMcDonald observatory aObservatories aMulholland, J D